III. Emlőrák Konszenzus Konferencia – Sugárterápiás irányelvek

The radiotherapy expert panel revised and updated the radiotherapy (RT) guidelines accepted in 2009 at the 2nd Hungarian Breast Cancer Consensus Conference based on new scientific evidence. Radiotherapy of the conserved breast is indicated in ductal carcinoma in situ (St. 0), as RT decreases the ris...

Teljes leírás

Elmentve itt :
Bibliográfiai részletek
Szerzők: Polgár Csaba
Kahán Zsuzsanna
Csejtei András
Gábor Gabriella
Landherr László
Mangel László Csaba
Mayer Árpád
Fodor János
Dokumentumtípus: Cikk
Megjelent: 2016
Sorozat:MAGYAR ONKOLÓGIA 60 No. 3
mtmt:3106887
Online Access:http://publicatio.bibl.u-szeged.hu/12506
LEADER 02255nab a2200277 i 4500
001 publ12506
005 20200326163303.0
008 171219s2016 hu o 0|| zxx d
022 |a 0025-0244 
024 7 |a 3106887  |2 mtmt 
040 |a SZTE Publicatio Repozitórium  |b hun 
041 |a zxx 
100 1 |a Polgár Csaba 
245 1 0 |a III. Emlőrák Konszenzus Konferencia – Sugárterápiás irányelvek  |h [elektronikus dokumentum] /  |c  Polgár Csaba 
260 |c 2016 
300 |a 229-239 
490 0 |a MAGYAR ONKOLÓGIA  |v 60 No. 3 
520 3 |a The radiotherapy expert panel revised and updated the radiotherapy (RT) guidelines accepted in 2009 at the 2nd Hungarian Breast Cancer Consensus Conference based on new scientific evidence. Radiotherapy of the conserved breast is indicated in ductal carcinoma in situ (St. 0), as RT decreases the risk of local recurrence by 60%. In early stage (St. I-II) invasive breast cancer RT remains a standard treatment following breast conserving surgery. However, in elderly (>/=70 years) patients with stage I, hormone receptor positive tumour hormonal therapy without RT can be considered. Hypofractionated (15x2.67 Gy) whole breast irradiation and for selected cases accelerated partial breast irradiation are validated treatment alternatives of conventional (25x2 Gy) whole breast irradiation. Following mastectomy RT significantly decreases the risk of locoregional recurrence and improves overall survival of patients having 1 to 3 (pN1a) or >/=4 (pN2a, pN3a) positive axillary lymph nodes. In selected cases of patients with 1 to 2 positive sentinel lymph nodes axillary dissection can be omitted and substituted with axillary RT. After neoadjuvant chemotherapy (NAC) followed by breast conserving surgery whole breast irradiation is mandatory, while after NAC followed by mastectomy locoregional RT should be given in cases of initial stage III-IV and ypN1 axillary status. 
700 0 1 |a Kahán Zsuzsanna  |e aut 
700 0 1 |a Csejtei András  |e aut 
700 0 1 |a Gábor Gabriella  |e aut 
700 0 1 |a Landherr László  |e aut 
700 0 1 |a Mangel László Csaba  |e aut 
700 0 1 |a Mayer Árpád  |e aut 
700 0 1 |a Fodor János  |e aut 
856 4 0 |u http://publicatio.bibl.u-szeged.hu/12506/1/0229a.pdf  |z Dokumentum-elérés